000 00708nam a22002417a 4500
005 20180726135410.0
008 090912t xxu||||| |||| 00| 0 eng d
010 _aB-358116 ,B-35940
020 _c150.00
035 _aB-358116
037 _bDBAD / PUB
040 _adpl
_bEnglish
082 _aN
100 _aNesbit, E.
245 _aThe treasure seekers /
_cby E. Nesbit; edited & compiled by Reema Prashar
260 _aDelhi
_bNavyug Sahitya
_c2007
270 _aF-23B, Vijay Nagar,
_bDelhi
_e110009
300 _a167p.:
_bill.
_c23cm(Hb)
490 _aSliver bell children classics
650 _aChildren's stories, English
700 _aPrashar, Reema
942 _2ddc
_cCH
_hN
_mNES
999 _c30365
_d30365